Democratic National Convention Cities - Statistics

General Stats
  • This quiz has been taken 53 times
  • The average score is 44 of 50
Answer Stats
Year City Location % Correct
2004 Boston Fleet Center
100%
1960 Los Angeles Memorial Sports Arena and Memorial Coliseum
100%
2000 Los Angeles Staples Center
100%
1868 New York City Tammany Hall
100%
1924 New York City Madison Square Garden
100%
1976 New York City Madison Square Garden
100%
1980 New York City Madison Square Garden
100%
1992 New York City Madison Square Garden
100%
1936 Philadelphia Convention Hall and Franklin Field
98%
1948 Philadelphia Convention Hall
98%
2016 Philadelphia Wells Fargo Center
98%
2020 Milwaukee Wisconsin Center, Various locations remotely
96%
1988 Atlanta The Omni
93%
1920 San Francisco Civic Auditorium
93%
1984 San Francisco Moscone Center
93%
1832 Baltimore The Athenaeum and Warfield's Church
91%
1835 Baltimore Fourth Presbyterian Church
91%
1840 Baltimore The Assembly Rooms
91%
1844 Baltimore Odd Fellows Hall
91%
1848 Baltimore Universalist Church
91%
1852 Baltimore Maryland Institute
91%
1860 Baltimore Front Street Theater
91%
1872 Baltimore Ford's Grand Opera House
91%
1912 Baltimore Fifth Regiment Armory
91%
1864 Chicago The Ampitheater
91%
1884 Chicago Interstate Exposition Building
91%
1892 Chicago Wigwam
91%
1896 Chicago -- Coliseum
91%
1932 Chicago -- Stadium
91%
1940 Chicago -- Stadium
91%
1944 Chicago -- Stadium
91%
1952 Chicago International Amphitheatre
91%
1956 Chicago International Amphitheatre
91%
1968 Chicago International Amphitheatre
91%
1996 Chicago United Center
91%
2024 Chicago United Center
91%
1908 Denver -- Auditorium Theater
87%
2008 Denver Pepsi Center and Invesco Field
87%
1928 Houston Sam -- Hall
87%
2012 Charlotte Time Warner Cable Arena
82%
1876 St. Louis Merchant's Exchange Building
76%
1888 St. Louis Exposition Building
76%
1904 St. Louis -- Coliseum
76%
1916 St. Louis Convention Hall
76%
1856 Cincinnati Smith and Nixon's Hall
73%
1880 Cincinnati --- Music Hall
73%
1860 Charleston South Carolina Institute Hall
69%
1900 Kansas City Convention Hall
53%
1964 Atlantic City Convention Hall
36%
1972 Miami Beach -- Convention Center
22%
No matching quizzes found
Score Distribution
Percent of People with Each Score
Percentile by Number Answered
Your Score History
You have not taken this quiz